100 Largest Cities in Spain - Statistics

General Stats
  • This quiz has been taken 212 times
  • The average score is 44 of 100
Answer Stats
Rank City % Correct
1 Madrid
100%
2 Barcelona
99%
3 Valencia
99%
4 Sevilla
98%
10 Bilbao
94%
6 Málaga
92%
5 Zaragoza
92%
8 Palma de Mallorca
86%
19 Granada
82%
7 Murcia
81%
18 A Coruña
80%
14 Vigo
80%
9 Las Palmas de Gran Canaria
79%
11 Alicante
78%
12 Córdoba
78%
29 Pamplona
74%
13 Valladolid
74%
34 Donostia
73%
15 Gijón
73%
56 Cádiz
71%
81 Toledo
69%
63 Girona
67%
73 San Sebastián de los Reyes
67%
65 Santiago de Compostela
67%
53 León
66%
21 Oviedo
66%
38 Santander
65%
30 Almería
59%
20 Elche
58%
35 Getafe
57%
45 Salamanca
57%
25 Jerez de la Frontera
56%
16 L'Hospitalet de Llobregat
55%
44 Huelva
54%
49 Tarragona
54%
37 Albacete
53%
24 Cartagena
53%
36 Burgos
52%
17 Vitoria-Gasteiz
51%
46 Marbella
49%
43 Badajoz
48%
58 Jaén
46%
23 Badalona
43%
42 Logroño
43%
33 Leganés
42%
28 Santa Cruz de Tenerife
41%
47 Lleida
40%
78 Ceuta
39%
54 Algeciras
38%
59 Ourense
38%
26 Sabadell
38%
75 Melilla
37%
39 Castellón de la Plana
36%
79 Guadalajara
36%
64 Lugo
36%
60 Reus
36%
22 Terrassa
36%
99 Alcalá de Guadaíra
34%
31 Alcalá de Henares
34%
66 Cáceres
34%
48 Dos Hermanas
34%
32 Fuenlabrada
32%
40 Alcorcón
31%
27 Móstoles
31%
85 Pontevedra
31%
52 Mataró
28%
50 Torrejón de Ardoz
26%
93 Palencia
25%
51 Parla
25%
57 Alcobendas
24%
92 Avilés
24%
62 Barakaldo
24%
98 Fuengirola
24%
41 La Laguna
23%
70 Lorca
23%
94 Getxo
22%
55 Santa Coloma de Gramenet
22%
80 El Ejido
20%
67 Las Rozas de Madrid
20%
97 Manresa
20%
61 Telde
19%
89 Vélez-Málaga
19%
69 Roquetas de Mar
18%
86 Torrevieja
18%
74 Cornellà de Llobregat
17%
72 El Puerto de Santa María
17%
84 Sant Boi de Llobregat
17%
83 Talavera de la Reina
17%
95 Orihuela
16%
68 San Fernando
16%
96 Rubí
15%
88 Torrent
15%
91 Arona
14%
87 Coslada
14%
90 Mijas
14%
82 Chiclana de la Frontera
13%
76 Pozuelo de Alarcón
13%
71 Sant Cugat del Vallès
13%
100 Valdemoro
11%
77 Rivas-Vaciamadrid
9%
No matching quizzes found
Score Distribution
Percent of People with Each Score
Percentile by Number Answered
Your Score History
You have not taken this quiz